Geometrical and machine drawing (Record no. 576809)
[ view plain ]
| 000 -LEADER | |
|---|---|
| fixed length control field | 00391nam a22001577a 4500 |
| 020 ## - INTERNATIONAL STANDARD BOOK NUMBER | |
| International Standard Book Number | 9789380358895 |
| 082 ## - DEWEY DECIMAL CLASSIFICATION NUMBER | |
| Classification number | 604.2 BHA |
| 100 ## - MAIN ENTRY--PERSONAL NAME | |
| Personal name | Bhatt, N.D. |
| 9 (RLIN) | 10018 |
| 245 ## - TITLE STATEMENT | |
| Title | Geometrical and machine drawing |
| 250 ## - EDITION STATEMENT | |
| Edition statement | 20th |
| 260 ## - PUBLICATION, DISTRIBUTION, ETC. | |
| Place of publication, distribution, etc. | India |
| Name of publisher, distributor, etc. | Charotar |
| Date of publication, distribution, etc. | 2014 |
| 300 ## - PHYSICAL DESCRIPTION | |
| Extent | 408 P |
| 650 ## - SUBJECT ADDED ENTRY--TOPICAL TERM | |
| Topical term or geographic name entry element | GEOMETRICAL AND MACHINE DRAWING |
| 9 (RLIN) | 69586 |
| 700 ## - ADDED ENTRY--PERSONAL NAME | |
| Personal name | Panchal, V. M. |
| 9 (RLIN) | 69587 |
| 942 ## - ADDED ENTRY ELEMENTS (KOHA) | |
| Koha item type | Book |
| Withdrawn status | Lost status | Source of classification or shelving scheme | Damaged status | Not for loan | Permanent Location | Current Location | Shelving location | Date acquired | Full call number | Barcode | Date last seen | Price effective from | Koha item type | Public note |
|---|---|---|---|---|---|---|---|---|---|---|---|---|---|---|
| College of Electrical & Mechanical Engineering (CEME) | College of Electrical & Mechanical Engineering (CEME) | General Stacks | 09/27/2019 | 604.2 BHA | CEME-49868 | 06/28/2021 | 06/28/2021 | Book | 3.8 | |||||
| College of Electrical & Mechanical Engineering (CEME) | College of Electrical & Mechanical Engineering (CEME) | General Stacks | 09/27/2019 | 604.2 BHA | CEME-49869 | 06/28/2021 | 06/28/2021 | Book | 3.8 | |||||
| College of Electrical & Mechanical Engineering (CEME) | College of Electrical & Mechanical Engineering (CEME) | General Stacks | 09/27/2019 | 604.2 BHA | CEME-49870 | 06/28/2021 | 06/28/2021 | Book | 3.8 | |||||
| College of Electrical & Mechanical Engineering (CEME) | College of Electrical & Mechanical Engineering (CEME) | General Stacks | 09/27/2019 | 604.2 BHA | CEME-49871 | 06/28/2021 | 06/28/2021 | Book | 3.8 | |||||
| College of Electrical & Mechanical Engineering (CEME) | College of Electrical & Mechanical Engineering (CEME) | General Stacks | 09/27/2019 | 604.2 BHA | CEME-49872 | 06/28/2021 | 06/28/2021 | Book | 3.8 |
